| 000 | 01912nam0a2200313 i 4500 | ||
|---|---|---|---|
| 001 | RU\NLR\bibl\2072059 | ||
| 005 | 20260426063010.0 | ||
| 010 |
_a9785799608088 _9120 |
||
| 021 |
_aRU _b2013-61634 _94227 |
||
| 035 | _a(NLR Aleph) 002058286 | ||
| 090 |
_a4674502 _c4674502 |
||
| 100 | _a20130913d2013 u y0rusy50 ca | ||
| 101 | 0 | _arus | |
| 102 | _aRU | ||
| 105 | _aa ||||||||| | ||
| 200 | 1 |
_aТочность восприятия социальных объектов _eучебно-методическое пособие для студентов, обучающихся по программе магистратуры по направлению подготовки 030300 "Психология" _fМ-во образования и науки Рос. Федерации, Урал. федер. ун-т им. первого Президента России Б.Н. Ельцина, [Ин-т социал. и полит. наук _gИ.Д. Бронин] |
|
| 210 |
_aЕкатеринбург _cИзд-во Уральского университета _d2013 |
||
| 215 |
_a41, [1] с. _cил. _d21 |
||
| 300 | _aНа обл. авт.: И.Д. Бронин | ||
| 320 | _aБиблиогр.: с. 36-39 (39 назв.) и в подстроч. примеч. | ||
| 606 |
_aМежличностное восприятие _jУчебно-методические пособия для высших учебных заведений _91341815 _3RU\NLR\AUTH\66244475 |
||
| 686 | 1 | _aС550.353я73 | |
| 702 | 1 |
_aБронин _bИ. Д. _gИгорь Димитриевич _4220 |
|
| 712 | 0 | 2 |
_4570 _aУральский федеральный университет им. первого Президента России Б. Н. Ельцина _cЕкатеринбург _3RU\NLR\AUTH\8810168127 _9832088 |
| 801 | 0 |
_aRU _bNLR _c20130913 _gRCR |
|
| 801 | 1 |
_aRU _bNLR _c20130913 |
|
| 942 | _cBOOK | ||
| 980 | _aNBR | ||